| 000 | 00542nam a22001817a 4500 | ||
|---|---|---|---|
| 003 | OSt | ||
| 005 | 20221103171627.0 | ||
| 008 | 150522b xxu||||| |||| 00| 0 eng d | ||
| 020 | _a84-7483-752-9 | ||
| 040 | _cBiblioteca Lado V | ||
| 082 |
_a707 _bR173e |
||
| 100 |
_9298 _aRamirez, Maria Carmen _ecuradora |
||
| 245 |
_aLa Escuela del Sur/ _bEl taller Torres-Garcia y su legado/ |
||
| 260 |
_c1993 _aMinisterio de Cultura |
||
| 300 |
_a289p. _c24x28cm |
||
| 710 |
_aJoan Duran _92735 |
||
| 942 |
_2ddc _c1 _h707 _iR173e _n0 |
||
| 999 |
_c2490 _d2490 |
||